| 000 | 00328nam a2200109Ia 4500 | ||
|---|---|---|---|
| 008 | 180205s9999 xx 000 0 und d | ||
| 020 | _a9789715845427 | ||
| 100 | _aSantiago, Quindoza Lilia | ||
| 245 |
_cAntonio, Lilia F. _aMga panitikan ng Pilipinas / |
||
| 260 |
_aQuezon City _bC & E Publishing _c2007 |
||
| 300 | _aiii, 306 pages | ||
| 999 |
_c354799 _d354799 |
||